| 000 | 00576cam a22002291 4500 | ||
|---|---|---|---|
| 001 | sa 65003374 | ||
| 003 | DLC | ||
| 005 | 20260227112122.0 | ||
| 008 | 890712m19359999ii a 000 0 maro | ||
| 010 | _asa 65003374 | ||
| 035 | _a(OCoLC)19997734 | ||
| 040 |
_aDLC _cWaU _dDLC |
||
| 042 | _apremarc | ||
| 043 | _aa-ii--- | ||
| 050 | 0 | 0 |
_aDS485.M34 _bK4 |
| 100 | 1 |
_aKetkar, Shridhar Venkatesh, _d1884-1937. |
|
| 245 | 1 | 0 | _aPrācīna Mahārāshṭra. |
| 260 | _c1935- | ||
| 300 |
_av. _billus. _c26 cm. |
||
| 500 | _aIn Marathi. | ||
| 651 | 0 |
_aMaharashtra (India) _xHistory |
|
| 999 |
_c63107 _d63107 |
||